[Event "Zuerich op-B 32nd"]
[Site "Zuerich"]
[Date "2008.12.30"]
[Round "7"]
[White "Soell, Gerhart"]
[Black "Maag, Rene"]
[Result "0-1"]
[WhiteElo "1619"]
[BlackElo "1840"]
[PlyCount "56"]
[EventDate "2008.12.26"]
[EventType "swiss"]
[EventRounds "7"]
[EventCountry "SUI"]
[SourceTitle "CBM 127 Extra"]
[Source "ChessBase"]
[SourceDate "2009.01.08"]
[SourceVersion "2"]
[SourceVersionDate "2009.01.28"]
[SourceQuality "1"]

1. d4 d5 2. Nf3 Bg4 3. e3 e6 4. c3 Nf6 5. Nbd2 Be7 6. Qc2 Bf5 7. Bd3 Bxd3 8. Qxd3 Nbd7 9. 0-0 c5 10. c4 0-0 11. cxd5 Nxd5 12. b3 cxd4 13. Nxd4 Nc5 14. Qe2 Nc3 15. Qc4 Nd5 16. b4 Nd7 17. a3 N5b6 18. Qb3 Nf6 19. Rd1 Qd5 20. Bb2 Qh5 21. Nf1 Nbd5 22. Ne2 Qxe2 23. f3 Rfc8 24. Rd2 Qc4 25. Qd1 Qb5 26. Rd3 Rd8 27. Qb3 Nb6 28. Bd4 e5 0-1